000
00192nam a2200085Ia 4500
008
120527s9999 xx 000 0 und d
100
_a
Henein Wholey
245
_a
Reading matter 4.
942
_c
BK
999
_c
27837
_d
27837